| 000 | 01117nam a2200253Ia 4500 | ||
|---|---|---|---|
| 003 | OSt | ||
| 005 | 20220930094856.0 | ||
| 006 | a|||||r|||| 00| 0 | ||
| 007 | ta | ||
| 008 | 220926b |||||||| |||| 00| 0 hin d | ||
| 024 | _a32435 | ||
| 037 | _cTheses | ||
| 040 |
_aCRL _cCRL _bhin |
||
| 041 |
_2hin _ahin |
||
| 100 | _aरस्तोगी, मानसी, ले. | ||
| 110 |
_aदिल्ली विश्वविद्यालय. कला संकाय. हिन्दी _9556532 |
||
| 245 | 0 | _aदिल्ली विश्वविद्यालय परिसर की व्यवहृत हिंदी में कोड-मिश्रण और कोड-अंतरण | |
| 246 | _aDillī vishvavidyālaya parisar kī vyavahṛut hiandī mean koḍa-mishraṇ aur koḍa-aantaraṇa | ||
| 260 | _c2014 | ||
| 300 |
_a239पृ. _ap. _ccm. |
||
| 700 |
_aदिल्ली विश्वविद्यालय. कला संकाय. हिन्दी _9556533 |
||
| 942 |
_cDIS _2CC |
||
| 999 |
_c887837 _d887837 |
||